000 00301nam a22001337a 4500
008 210226b ||||| |||| 00| 0 eng d
020 _a9781583902844
041 _aeng
080 _a510
100 _a37
101 _aMAT
245 _aOrdinary Differential Equations
_cBecker,C.L
942 _2udc
_cBK
999 _c55270
_d55270